000 00677cam a2200217 4500500
005 20260405003606.0
041 _afre
042 _adc
100 1 0 _ade Oliveira, Victorine
_eauthor
245 0 0 _aMichael Schur : 24 heures pour être presque parfait (ou essayer de l’être)
260 _c2022.
500 _a60
690 _aChoix
690 _aDécision
690 _aMichael Schur
690 _aMorale
690 _aPerfection
690 _aSéries télé
786 0 _nPhilosophie magazine | 164 | 11 | 2022-11-01 | p. 17-20 | 1951-1787
856 4 1 _uhttps://shs.cairn.info/magazine-philosophie-magazine-2022-11-page-17?lang=fr&redirect-ssocas=7080
999 _c2069062
_d2069062